Normal view
MARC view
- تاليف الأندلسي، أبي عمرو عثمان بن سعيد الداني؛ دراسة وتحقيق غانم قدوري حمد
Entry Personal Name
001 - CONTROL NUMBER
- control field: 18092
003 - CONTROL NUMBER IDENTIFIER
- control field: JO-AjAnu
005 - DATE AND TIME OF LATEST TRANSACTION
- control field: 20230606073201.0
008 - FIXED-LENGTH DATA ELEMENTS
- fixed length control field: 230606|| aca||aabn | a|a d
040 ## - CATALOGING SOURCE
- Original cataloging agency: JO-AjAnu
- Transcribing agency: JO-AjAnu
100 ## - HEADING--PERSONAL NAME
- Personal name: تاليف الأندلسي، أبي عمرو عثمان بن سعيد الداني؛ دراسة وتحقيق غانم قدوري حمد
670 ## - SOURCE DATA FOUND
- Source citation: Work cat.: (JO-AjAnu)9289: تاليف الأندلسي، أبي عمرو عثمان بن سعيد الداني؛ دراسة وتحقيق غانم قدوري حمد, author, آلتحديد في الإتقان وآلتجويد